Prekážky v práci na strane zamestnanca

Jednotlivé druhy prekážok v práci na strane zamestnanca. Postup zamestnanca v prípade vzniku prekážky v práci, oznamovacia povinnosť.

Enregistré dans:
Détails bibliographiques
Auteur principal: Hrtánek, Ladislav
Format: Chapitre de livre
Langue:slovaque
Sujets:
Tags: Ajouter un tag
Pas de tags, Soyez le premier à ajouter un tag!

MARC

LEADER 00000naa a2200000 4500
001 0229568
005 20170426092110.4
041 0 |a slo 
044 |a SK 
245 1 0 |a Prekážky v práci na strane zamestnanca  |c Ladislav Hrtánek 
520 |a Jednotlivé druhy prekážok v práci na strane zamestnanca. Postup zamestnanca v prípade vzniku prekážky v práci, oznamovacia povinnosť. 
610 2 0 |a zamestnávatelia 
610 2 0 |a zamestnanci 
610 2 0 |a prekážky v práci 
610 2 0 |a povinnosti pracovníkov 
100 1 |a Hrtánek, Ladislav